000 00690nam a2200229 i 4500
003 DO-SdBNP
005 20240116142715.0
007 ta
008 230511e2006 dr ||||gr|||| 000 e spa d
020 _a9945405632
040 _aDO-SdBNP
_bspa
_cBNPHU
_erda
082 4 _222
_aRD862.44
_bS489b
100 1 _927133
_aSerrulle, Haffe,
_d1947-
_eautor
245 1 0 _aBianto y su señor /
_cHaffe Serulle.
264 _aSanto Domingo :
_bFundación para la Educación y el Arte,
_c2006.
300 _a90 páginas ;
_c20 cm.
336 _2rdaconten
_atexto
_btxt
337 _2rdamedia
_asin medición
_bn
338 _2rdacarrier
_avolumen
_bnc
590 _aInventariado 2023 / MF
942 _2ddc
_cLBS1
999 _c53491
_d53491